| 000 | 00752nam a22001937a 4500 | ||
|---|---|---|---|
| 999 |
_c11667 _d11667 |
||
| 003 | AR-CdUCM | ||
| 008 | 190404b ||||| |||| 00| 0 spa d | ||
| 040 |
_aMUNICIPALIDAD PROVINCIAL DEL CUSCO _cBIBLIOTECA MUNICIPAL DEL CUSCO |
||
| 082 |
_a210 / _bCF61 / 1873 |
||
| 100 |
_aFlammarian, Camilu _929143 |
||
| 245 |
_aNarraciones del infinito lumen : _bHistoria de un cometa en el infinito / |
||
| 260 |
_aBarcelona : _blibr. de D. Juan Oliveres, _c1973. |
||
| 300 |
_a436 páginas ; _c18 cm. |
||
| 440 |
_aColección selecta y económica ; _929144 |
||
| 505 | _aContenido: Resurrectio preteriti -- Refluum temporis -- Homo homunculus -- Anteriores vite ... | ||
| 650 |
_aReligión universal _929145 |
||
| 942 |
_2ddc _cLIBROS |
||
| 945 |
_aacv _d04/04/2019 |
||